000 00417nam a2200181Ia 4500
001 993
005 20260306140559.0
008 260306t1990||||xx |||||||||||||| ||spa||
041 _aESP
082 _a177
_bg64
100 _aGómez Pérez, Rafael
_eAUT
245 0 _aIntroducción a la ética social
260 _c1990
300 _a228 páginas :
_c
650 _aGEN
654 _aCHU
942 _cLIB
_dJUS
_fJUS
_2ddc
_n
999 _c993
_d993